| 000 | 00634nam a22001817a 4500 | ||
|---|---|---|---|
| 003 | CEME | ||
| 005 | 20210628210022.0 | ||
| 008 | 210210b xxu||||| |||| 00| 0 eng d | ||
| 020 | _a0-89006-806-2 | ||
| 040 | _c. | ||
| 082 | _a621.382 BEK | ||
| 100 |
_aSmits, Jan Bekkers, Rudi _977855 |
||
| 245 | _aMobile telecommunications standards,regulations and application | ||
| 260 |
_aBOSTON _bARTECH HOUSE _c1997 |
||
| 300 | _a467P | ||
| 650 |
_aMOBILE COMMUNICATION SYSTEMS MOBILE COMMUNICATION SYSTEMS-EUROPE MOBILE COMMUNICATION SYSTEMS-STANDARDS WIRELESS COMMUNICATION SYSTEMS MOBILE COMMUNICATION SYSTEM _977856 |
||
| 942 |
_cBK _2ddc |
||
| 999 |
_c583054 _d583054 |
||